000 01960cam a22004934i 4500
003 PE-LiUPU
005 20250731165551.0
008 150625s r 000 0 d
035 _a(Sirsi) a34504
035 _a(Sirsi) a34504
040 _aPE-LiUPU
_bspa
_cPE-LiUPU
_erda
082 0 4 _a985.04
_bD
_223
245 0 0 _aPrimer congreso constituyente :
_nVolumen 2. /
_cedición y prólogo de Gustavo Pons Muzzo y Alberto Tauro.
264 1 _aLima :
_bComisión Nacional del Sesquicentenario de la Independencia del Perú,
_c1973-1975.
300 _a443 páginas ;
_c24 centímetros.
336 _atext
_2rdacontent
337 _aunmediated
_2rdamedia
338 _avolume
_2rdacarrier
490 0 _aColección Documental de la Independencia del Perú ;
_v15
500 _a"Año del sesquicentenario de las batallas de Junín y Ayacucho"
505 0 _aDe las actas autógrafas del Primer Congreso Constituyente del Perú, desde la sesión del 6 de agosto de 1823, fecha en que se instalo el Congreso en Lima, despues de la emigración de la mayoría de sus miembros a Trujillo, hasta la del 9 de enero de 1824.
526 _aSEG44
526 _aSEG26
526 _aP151
526 _aP150
526 _aP149
526 _aP146
526 _aP145
526 _aP126
526 _aP125
526 _aP92
526 _aP75
526 _aP74
526 _aP27
526 _aP15
651 _aPerú. Congreso Constituyente (1822-1825).
700 1 _aPons Muzzo, Gustavo,
_d1916-2008,
_eeditor.
700 1 _aTauro, Alberto1914-1994.
710 2 _a.Comisión Nacional del Sesquicentenario de la Independencia del Perú
942 _2ddc
_cBK
949 _aRC 985.04 D 15 / 2
_wDEWEY
_c1
_i17021
_lRC
_mBUL
_r0
_sY
_tBOOK
_u2015-6-25
_xBIBLIOTECA
_zUNKNOWN
_0COMPRA
_o.CIRCNOTE. No olvidar cambiar la fecha de devolución!!!!!!!
_o.STAFF. Colección General
999 _c42368
_d42368
980 _81
_gALBERTO SANCHEZ Responsable de Automatización